000 00692nam a2200241Ia 4500
003 OSt
005 20220918225310.0
006 a|||||r|||| 00| 0
007 ta
008 220917b |||||||| |||| 00| 0 eng d
024 _a239,691
037 _cTextual
040 _aARTS
_cARTS
_beng
041 _2eng
_aeng
082 _aW81.1TH, N0
100 _aSchutz Barry M
_9150184
245 0 _aRevolution and political change in the third world
260 _aBoulder
_bLtnne Rienner Publishers
_c1990
650 _aPOLITICAL SCIENCE
700 _a Slater Robert O
_9150185
942 _hW81.1TH, N0
_cTEXL
_2CC
999 _c284282
_d284282